000 00776nam a22002297a 4500
003 BUBTL
008 231122b ||||| |||| 00| 0 eng d
020 _a1573221201
040 _aeng
082 _a822.33/ B6232s/ 1998
100 _aBloom, Harold
_95215
245 _aShakespeare the Invention of the Human/
_cHarold Bloom
250 _a1st ed.
260 _aNew York :
_bPenguin Putnam Inc.,
_cc1998
300 _axix, 743 p. :
_c20 cm.
521 _aShakespeare the Invention of the Human, Harold Bloom, English Literature, The Early Comedies, The First Histories, The High Comedies, The Major Histories
526 _aEnglish Literature
650 0 _91994
_aEnglish Literature
856 _k0
_l0
_yDownload
942 _2ddc
_cBK
999 _c7154
_d7154